|
|
|
|
| LEADER |
00000nam a22000007a 4500 |
| 005 |
20201223112035.0 |
| 007 |
cr|||| |||| |
| 008 |
201223s2015 co |||||s|||| 00||0 spa d |
| 020 |
|
|
|a 978-958-716-870-9
|
| 035 |
|
|
|a 32403
|
| 040 |
|
|
|a vLex
|
| 090 |
|
|
|c 11014
|d 11014
|
| 100 |
1 |
|
|a Saųdo Pazos, Mara̕ Fernanda
|
| 245 |
1 |
0 |
|a Tierra y gňero
|h [Recurso electrn̤ico] :
|b Dilemas y obstc̀ulos en los procesos de negociacin̤ de la polt̕ica de tierras en Colombia /
|c Mara̕ Fernanda Saųdo Pazos
|
| 256 |
|
|
|a Servicio en ln̕ea
|
| 260 |
|
|
|a Bogot:̀
|b Pontificia Universidad Javeriana,
|c 2015
|
| 300 |
|
|
|a 1 recurso electrn̤ico
|
| 500 |
|
|
|a A travš del anl̀isis de los procesos de negociacin̤ para la incorporacin̤ del gňero en la polt̕ica de tierras (Ley 30 de 1988 y Ley 160 de 1994), se evidencia cm̤o operaron las representaciones de gňero que encarnaron diferentes agentes en el posicionamiento de los intereses de las mujeres rurales frente al acceso a la propiedad de la tierra y en los logros que alcanzaron. De manera ms̀ precisa, se visibiliza cm̤o la construccin̤ y las elaboraciones simbl̤icas que los agentes encarnan sobre los roles de hombres y mujeres campesinos han sido determinantes en el tipo de reconocimiento formal y de hecho del derecho a la propiedad de la tierra.
|
| 506 |
1 |
|
|a Disponible solo en los productos indicados
|d vLex Global
|d vLex Global (Academic Edition, excluding Law Schools)
|d vLex Global (U.S. Academic Edition, Law Schools)
|d vLex Global (U.S. Academic Edition, excluding Law Schools)
|d vLex Global (Academic Edition, Law Schools)
|
| 650 |
0 |
4 |
|a Ciencias sociales
|z Colombia
|
| 650 |
0 |
4 |
|a Sociologa̕
|z Colombia
|
| 650 |
0 |
4 |
|a Humanidades
|z Colombia
|
| 740 |
0 |
|
|a vLex Libros (Servicio en ln̕ea)
|
| 856 |
4 |
0 |
|u http://vlex.com/source/tierra-y-genero-dilemas-y-obstaculos-en-los-procesos-de-negociacion-de-la-politica-de-tierras-en-colombia-32403
|z Acceso restringido
|
| 942 |
|
|
|c BOOK
|
| 999 |
0 |
|
|a Social Sciences
|
| 999 |
0 |
|
|a Sociology
|
| 999 |
0 |
|
|a Humanities
|